00547pab a2200169 454500008003600000100002200036245006900058650001400127650000900141650001600150650001400166650001900180773003400199909001000233999001700243952011700260180718b xxu||||| |||| 00| 0 eng d aOldenburg, Philip aSex ratio, son preference and violence in India: a research note a Violence a Son a Populaiton a Daughter aFamily - India aEconomic and Political Weekly a23675 c23675d23675 00104070aIIPAbIIPAd2018-07-19hIssue no: 27(49&50) 5 Dec.92, P.2657-62pAR23744r2018-07-19w2018-07-19yAR